Statystyki dla Quiz o Nikaragui

Kliknij tutaj aby rozwiązać quiz!

Ogólne statystyki

  • Ten quiz został rozwiązany 80 razy
  • Średni wynik to 10 z 20

Statystyki odpowiedzi

WskazówkaOdpowiedź% Poprawnych
Język urzędowyHiszpański
99%
Kraje granicząceHonduras
90%
Kraje granicząceKostaryka
87%
Kraj, który okupował Nikaraguę w wyniku wojen bananowych w latach 1912 - 1933Stany Zjednoczone
76%
Kraj, który kontrolował powyższe wybrzeże w latach 1638 - 1787 oraz 1844 - 1860Wielka Brytania
72%
Duże morze graniczące z Nikaraguą na wschodzieMorze Karaibskie
70%
StolicaManagua
69%
Najpopularniejszy sportBaseball
57%
Stany Zjednoczone zamierzały zbudować jeden z nich w całej Nikaragui, ale ostatecznie
zbudowały go dalej na południe
Kanał
54%
Największe jezioroNikaragua
52%
Największa wyspa na tym jeziorze ma dwa ______,
o nazwach Concepción i Maderas
Wulkany
40%
Przywódca Nikaragui od 2007 r.Daniel {Ortega}
40%
Najstarsze miasto w Ameryce kontynentalnej,
nazwane na cześć miasta w południowej Hiszpanii
Granada
37%
Powyższe jest jedynym dużym słodkowodnym jeziorem na świecie,
w którym występują tego typu ryby
Rekiny
36%
Nieprzyjemnie brzmiąca nazwa historyczna
wschodniego wybrzeża Nikaragui
Wybrzeże {Moskitów}
34%
Założyciel tych dwóch miast, imiennik waluty NikaraguiFrancisco Hernández
de {Córdoba}
34%
Drugie najbardziej zaludnione miasto Nikaragui,
nazwane na cześć miasta w północnej Hispzanii
León
31%
Rzeka stanowiąca znaczną część północnej granicy NikaraguiCoco
25%
Radykalna, socjalistyczna partia polityczna,
która rządziła Nikaraguą w latach 1979 - 1990
Sandinista
19%
Nazwa grup rebeliantów sprzeciwiających się powyższemu,
które otrzymały pieniądze i broń od pewnych osób w USA, w tym Olivera Northa
Contras
19%

Rozkład punktacji

Percentyl według liczby udzielonych odpowiedzi

Procent ludzi z każdym wynikiem

Twoja historia wyników

Nie rozwiązałeś tego quizu